Čína má ambície stať sa ďalším centrom svetovej ekonomiky

Doterajší vývoj a súčasný stav čínskej ekonomiky. Vybrané makroekonomické ukazovatele. Teritoriálna štruktúra zahraničného obchodu v roku 2002. Vybrané štrukturálne zmeny. Perspektívy ďalšieho vývoja čínskej ekonomiky.

Gespeichert in:
Bibliographische Detailangaben
1. Verfasser: Šujanová, Milota
Weitere Verfasser: Šujan, Ivan
Format: Buchkapitel
Sprache:Slowakisch
Schlagworte:
Tags: Tag hinzufügen
Keine Tags, Fügen Sie das erste Tag hinzu!

MARC

LEADER 00000naa$a2200000$$$4500
001 0022717
005 20231013081049.3
041 0 |a slo 
044 |a SK 
245 1 0 |a Čína má ambície stať sa ďalším centrom svetovej ekonomiky  |c Milota Šujanová, Ivan Šujan 
520 |a Doterajší vývoj a súčasný stav čínskej ekonomiky. Vybrané makroekonomické ukazovatele. Teritoriálna štruktúra zahraničného obchodu v roku 2002. Vybrané štrukturálne zmeny. Perspektívy ďalšieho vývoja čínskej ekonomiky. 
610 2 0 |a vývoj hospodársky 
610 2 0 |a Čína 
610 2 0 |a ukazovatele makroekonomické 
610 2 0 |a obchod zahraničný 
610 2 0 |a zmeny štruktúrne 
610 2 0 |a hospodárstvo svetové 
610 2 0 |a produkt domáci hrubý 
100 1 |a Šujanová, Milota 
700 1 |a Šujan, Ivan